00618 2200193 4500001002100000005001500021035002000036245017000056100001800226250001000244300002300254006001800277008003900295260004600334082000700380084001300387600001000400990001400410INLIS00000000001005220260604111739 a0010-06260000121 aOPTIMALISASI PELAYANAN KENAIKAN PANGKAT BERBASIS DIGITAL PADA BADAN KEUANGAN DAN ASET DAERAH KABUPATEN KOTAWARINGIN TIMUR PROVINSI KALIMANTAN TENGAH /cUMIE HARYATIE0 aUMIE HARYATIE aCet 1 ax, 56 hlm :bilus.a 260604 | | |  aPalangka Raya :bPerpustakaan UMPR,c2025 a81 a81 UMI o 4aTESIS a238122118